000 00444nam a2200145Ia 4500
008 211109s9999||||xx |||||||||||||| ||und||
082 _a494.812
_bRAJ-V
100 _aRajarajavarma A R, Kunjiraman Nair
245 0 _aVrithamanjari
260 _bD C Books
_aKotayam
_c1949
300 _a25p.
630 _xGeneral Stack
650 _aLanguage
_vOther languagesAltaic, Uralic, Hyperborean & Dravidianmalayalam language
_xGeneralia
942 _cBOOK
999 _c15743
_d15743